| 000 | 00501nam a22001697a 4500 | ||
|---|---|---|---|
| 003 | NUST | ||
| 038 | _aa | ||
| 082 | _a BEE-5 ADE | ||
| 100 |
_aAdeel Javaid _993094 |
||
| 245 | _aSimulation and acquisition of L-5 GPS signal | ||
| 260 |
_a Islamabad _bNUST School of Electrical Engineering and Computer Science _c2013 |
||
| 300 |
_a56p. : _eCD-ROM |
||
| 500 | _a Supervisor: Dr. Shahzad Younis | ||
| 563 | _aa | ||
| 856 | _uhttp://10.250.8.41:8080/xmlui/handle/123456789/9690 | ||
| 942 |
_cTHE _2ddc |
||
| 999 |
_c12745 _d12745 |
||